[Event "Challenge"]
[Site "http://www.queenalice.com/game.php?id=666847"]
[Date "2009.10.13"]
[Round "-"]
[White "Malavida"]
[Black "Ludus"]
[Result "0-1"]
[WhiteElo "2103"]
[BlackElo "2187"]

1. d4 Nf6 2. c4 g6 3. Nc3 Bg7 4. e4 d6 5. Nf3 O-O 6. Be2 e5 7. O-O Nbd7 8. d5
Nc5 9. Bg5 h6 10. Bxf6 Qxf6 11. h3 a5 12. Nb5 Qe7 13. Bd3 f5 14. Re1 f4 15. a3
a4 16. Bc2 g5 17. Nd2 Qf7 18. f3 h5 19. Kf2 Qe7 20. Rh1 Rf7 21. b4 axb3 22. Nxb3
Nxb3 23. Bxb3 c6 24. dxc6 bxc6 25. Nxd6 Qa7+ 26. Kf1 Rd7 27. c5+ Kh7 28. Qc2
Ba6+ 29. Ke1 Rxd6 30. cxd6 Qe3+ 31. Kd1 Qd4+ 32. Kc1 Qxa1+ 0-1

[Event "Challenge World Game #179"]
[Site "http://www.queenalice.com/game.php?id=666891"]
[Date "2009.10.19"]
[Round "-"]
[White "Aylton"]
[Black "Malavida"]
[Result "1-0"]
[WhiteElo "2038"]
[BlackElo "2109"]

1. f4 e6 2. Nf3 d5 3. d3 c5 4. e3 Nc6 5. Be2 Nf6 6. O-O Bd6 7. h3 O-O 8. a3 b6
9. Qe1 e5 10. fxe5 Nxe5 11. Nc3 h6 12. Bd1 Bb7 13. Nxe5 Bxe5 14. Bd2 d4 15. exd4
Bxd4+ 16. Kh1 Kh7 17. Bf3 Qc7 18. Bxb7 Qxb7 19. Qg3 Qb8 20. Qxb8 Raxb8 21. Rab1
Bxc3 22. Bxc3 Nd5 23. Bd2 b5 24. Rf5 Rbd8 25. Rbf1 f6 26. g4 c4 27. dxc4 bxc4
28. Bc1 c3 29. b3 Rfe8 30. R5f2 a5 31. Kg2 g5 32. Rf5 Re2+ 33. R1f2 Re1 34. Rf1
Re2+ 35. R5f2 Ree8 36. Kf3 Kg6 37. Re2 1-0

[Event "Let's Play Chess!"]
[Site "http://www.queenalice.com/game.php?id=669264"]
[Date "2009.10.19"]
[Round "-"]
[White "Malavida"]
[Black "alesciulli"]
[Result "0-1"]
[WhiteElo "2120"]
[BlackElo "1957"]

1. d4 d5 2. Nf3 Nf6 3. c4 c6 4. Nc3 e6 5. Bg5 h6 6. Bxf6 Qxf6 7. e3 Nd7 8. Qc2
b6 9. a3 Ba6 10. cxd5 Bxf1 11. Rxf1 cxd5 12. e4 Qg6 13. g3 Rc8 14. Nh4 Qg4 15.
f3 Qh5 16. exd5 Qxd5 17. Qe4 Qxe4+ 18. fxe4 Be7 19. Nf3 Nf6 20. h3 a6 21. Rc1
O-O 22. Kd2 Rfd8 23. Ke3 Nh7 24. Na4 Rb8 25. h4 g5 26. e5 Kg7 27. Rc7 Kf8 28.
Ra7 b5 29. Nc3 Rb6 0-1

[Event "Let's Play Chess!"]
[Site "http://www.queenalice.com/game.php?id=669268"]
[Date "2009.10.19"]
[Round "-"]
[White "alesciulli"]
[Black "Malavida"]
[Result "1-0"]
[WhiteElo "1992"]
[BlackElo "2124"]

1. e4 e6 2. d4 d5 3. Nc3 Bb4 4. Bd3 dxe4 5. Bxe4 c5 6. Nf3 Nf6 7. Qd3 cxd4 8.
Nxd4 Nxe4 9. Qxe4 Bxc3+ 10. bxc3 Qa5 11. Bb2 O-O 12. O-O Qd5 13. Qd3 e5 14. Nb3
Rd8 15. Rad1 Be6 16. Qe2 Qxd1 17. Rxd1 Nd7 18. h3 b6 19. a3 1-0

[Event "AUTO-MASTER-934"]
[Site "http://www.queenalice.com/game.php?id=669496"]
[Date "2009.10.19"]
[Round "1"]
[White "Malavida"]
[Black "RDario"]
[Result "1-0"]
[WhiteElo "2085"]
[BlackElo "1754"]

1. d4 c6 2. c4 d5 3. Nf3 Nf6 4. Nc3 Nbd7 5. e3 dxc4 6. Bxc4 b5 7. Bd3 e6 8. O-O
b4 9. Ne4 Nxe4 10. Bxe4 Qc7 11. Qa4 Bb7 12. Bd2 Nf6 13. Bd3 Nd5 14. e4 Nb6 15.
Qa5 Be7 16. Bxb4 O-O 17. Bxe7 Qxe7 18. Rac1 Nd7 19. Qc7 Rab8 20. Ne5 Rfd8 21.
Rfd1 f6 22. Nxc6 Bxc6 23. Rxc6 Rbc8 24. Qd6 Qf7 25. Qxe6 Rxc6 26. Qxc6 Nf8 27.
Bc4 Rd7 28. Bxf7+ Rxf7 29. d5 g6 30. d6 Nd7 31. Qc8+ Kg7 32. Rc1 Ne5 33. Rc7 g5
34. d7 Nd3 35. d8=Q Ne5 36. Qg8+ Kh6 37. Qh3# 1-0

[Event "AUTO-MASTER-934"]
[Site "http://www.queenalice.com/game.php?id=669497"]
[Date "2009.10.19"]
[Round "1"]
[White "RDario"]
[Black "Malavida"]
[Result "0-1"]
[WhiteElo "1833"]
[BlackElo "2093"]

1. e4 e6 2. Nf3 d5 3. exd5 exd5 4. d4 c5 5. Bb5+ Bd7 6. Qe2+ Be7 7. O-O cxd4 8.
Nxd4 Nc6 9. Nxc6 bxc6 10. Ba6 Nf6 11. Bg5 O-O 12. Nd2 h6 13. Bh4 Re8 14. Qd3 Qb6
15. Nf3 Qxb2 16. Rfb1 Qa3 17. Rb3 Qa5 18. Bxf6 Bxf6 19. Ra3 Qb4 20. Rb3 Qa5 21.
Rab1 Qxa2 22. Rb7 Bc8 23. c4 Bxb7 24. Bxb7 Rab8 25. Nd2 dxc4 26. Nxc4 Rxb7 27.
Rc1 Rd8 28. Qf3 Rb1 29. Qf4 Rd1+ 30. Rxd1 Rxd1# 0-1

[Event "AUTO-MASTER-934"]
[Site "http://www.queenalice.com/game.php?id=669498"]
[Date "2009.10.19"]
[Round "1"]
[White "Malavida"]
[Black "docb"]
[Result "0-1"]
[WhiteElo "2099"]
[BlackElo "2147"]

1. d4 d5 2. Nf3 Nf6 3. c4 c6 4. Nc3 e6 5. Bg5 h6 6. Bxf6 Qxf6 7. e3 Nd7 8. a3
dxc4 9. Bxc4 b5 10. Bd3 a6 11. O-O Bb7 12. b4 Bd6 13. Ne4 Qe7 14. Rc1 Bc7 15.
Qb3 O-O 16. Rfd1 g5 17. h3 f5 18. Nc5 Nxc5 19. dxc5 g4 20. hxg4 fxg4 21. Nd4 Rf6
22. Be4 Raf8 23. Rc2 Kg7 24. Bxc6 Bxc6 25. Nxc6 Qf7 26. Qb2 Qh5 27. Rd7+ Rf7 28.
Rcd2 Qh2+ 29. Kf1 Qh1+ 30. Ke2 Qxg2 31. Rxf7+ Kxf7 32. Rd7+ Kg6 33. Qb1+ Kg5 34.
Rg7+ Kh4 35. Qf1 Qxc6 36. f4 Bxf4 37. Qf2+ g3 38. Rxg3 Bxg3 39. Qxf6+ Kh3 40.
Qxh6+ Kg2 41. Qf8 Qe4 42. Qf1+ Kh2 43. Kd2 Qg2+ 44. Qe2 Qxe2+ 45. Kxe2 Kg2 46.
e4 Bf4 47. c6 Kg3 48. Kd3 Be5 49. Ke3 Kg4 50. Ke2 Kf4 51. Kd3 Kf3 52. c7 Bxc7
53. Kd4 Bd6 0-1

[Event "AUTO-MASTER-934"]
[Site "http://www.queenalice.com/game.php?id=669499"]
[Date "2009.10.19"]
[Round "1"]
[White "docb"]
[Black "Malavida"]
[Result "0-1"]
[WhiteElo "2097"]
[BlackElo "2108"]

1. e4 e6 2. d4 d5 3. Nd2 c5 4. exd5 exd5 5. Bd3 cxd4 6. Ndf3 Nc6 7. Bd2 Nf6 8.
Bb5 Qb6 9. Qe2+ Ne4 10. Ng5 Be7 11. Nxe4 dxe4 12. O-O-O O-O 13. Ba4 Bf5 14. g4
d3 15. cxd3 exd3 16. Qf3 Qd4 17. gxf5 Ba3 0-1

[Event "AUTO-MASTER-934"]
[Site "http://www.queenalice.com/game.php?id=669500"]
[Date "2009.10.19"]
[Round "1"]
[White "Malavida"]
[Black "Superpoderosa"]
[Result "0-1"]
[WhiteElo "2016"]
[BlackElo "2129"]

1. d4 Nf6 2. c4 g6 3. Nc3 Bg7 4. Nf3 d5 5. e3 e6 6. h3 c6 7. Bd3 Nbd7 8. O-O O-O
9. Re1 Re8 10. e4 dxe4 11. Nxe4 Nxe4 12. Bxe4 Nf6 13. Bg5 Qa5 14. Bc2 h6 15. Bf4
Qb4 16. b3 a5 17. Qc1 Kh7 18. Ne5 Re7 19. Nd3 Qc3 0-1

[Event "AUTO-MASTER-934"]
[Site "http://www.queenalice.com/game.php?id=669501"]
[Date "2009.10.19"]
[Round "1"]
[White "Superpoderosa"]
[Black "Malavida"]
[Result "1-0"]
[WhiteElo "2120"]
[BlackElo "2029"]

1. d4 e6 2. e4 d5 3. Nd2 c5 4. c3 cxd4 5. cxd4 Nc6 6. Bb5 Qb6 7. Bxc6+ bxc6 8.
Ne2 Bb4 9. e5 Ba6 10. a3 Bxd2+ 11. Qxd2 Bxe2 12. Kxe2 Ne7 13. b4 Nf5 14. Bb2 O-O
15. f4 a5 16. g4 Nh6 17. h3 Rfb8 18. Bc3 Qb5+ 19. Ke3 axb4 20. Bxb4 1-0

[Event "Challenge"]
[Site "http://www.queenalice.com/game.php?id=722553"]
[Date "2010.1.29"]
[Round "-"]
[White "Malavida"]
[Black "otto"]
[Result "0-1"]
[WhiteElo "2088"]
[BlackElo "2185"]

1. d4 d5 2. c4 e5 3. dxe5 d4 4. Nf3 Nc6 5. Bg5 f6 6. exf6 Nxf6 7. e4 h6 8. Bxf6
Qxf6 9. Nbd2 g5 10. h3 Bd7 11. Nb3 O-O-O 12. a3 h5 13. Qd2 Bh6 14. Qc2 g4 15.
hxg4 hxg4 16. Nfd2 Bxd2+ 17. Qxd2 Rxh1 18. O-O-O Rf8 19. Nxd4 Nxd4 0-1

[Event "Let's Play Chess!"]
[Site "http://www.queenalice.com/game.php?id=725786"]
[Date "2010.2.4"]
[Round "-"]
[White "acm_chessmaster"]
[Black "Malavida"]
[Result "1-0"]
[WhiteElo "1789"]
[BlackElo "2062"]

1. e4 e5 2. Nf3 Nc6 3. Bb5 Nf6 4. d3 Ne7 5. Nxe5 c6 6. Bc4 Qa5+ 7. Bd2 Qxe5 8.
Bc3 Qg5 9. O-O b5 10. Bb3 Ng6 11. Bd2 Qe5 12. Bc3 Qc7 13. Bxf6 gxf6 14. Qf3 Be7
15. Nc3 Rg8 16. Qh5 Rg7 17. Qg4 d5 18. Qe2 Nf4 19. Qf3 Rxg2+ 20. Kh1 Rg5 21. Rg1
dxe4 22. Qxe4 Nh3 23. Bxf7+ Kf8 24. Rgf1 Rg1+ 25. Rxg1 Nxf2+ 26. Kg2 Nxe4 27.
Bb3 Nxc3 28. bxc3 c5 29. Kh1 c4 30. dxc4 1-0

[Event "Let's Play Chess!"]
[Site "http://www.queenalice.com/game.php?id=725787"]
[Date "2010.2.4"]
[Round "-"]
[White "Malavida"]
[Black "acm_chessmaster"]
[Result "0-1"]
[WhiteElo "2091"]
[BlackElo "1760"]

1. g3 e5 2. Bg2 d5 3. Nf3 Nc6 4. d4 e4 5. Nfd2 Nxd4 6. c4 c6 7. Nc3 Bb4 8. e3
Bxc3 9. bxc3 Ne6 10. cxd5 cxd5 11. c4 Nf6 12. cxd5 Qxd5 13. Bxe4 Nxe4 14. Qa4+
Bd7 15. Qxe4 Qxe4 16. Nxe4 Bc6 17. f3 Bxe4 18. fxe4 O-O 19. O-O Ng5 20. e5 Rfe8
21. Bb2 Rac8 22. Bd4 b6 23. Rac1 Ne6 24. Kf2 h6 25. h4 Nxd4 26. exd4 Rcd8 27.
Rfd1 Rc8 28. Ke3 f6 29. Kf4 fxe5+ 30. dxe5 Rf8+ 0-1

[Event "AUTO-OPEN-1867"]
[Site "http://www.queenalice.com/game.php?id=726087"]
[Date "2010.2.5"]
[Round "1"]
[White "DNWheeler"]
[Black "Malavida"]
[Result "1-0"]
[WhiteElo "1676"]
[BlackElo "2005"]

1. d4 e6 2. c4 d5 3. cxd5 exd5 4. Nc3 c5 5. e3 Nf6 6. Bd3 Nc6 7. Nge2 Be6 8. Nf4
cxd4 9. Nxe6 fxe6 10. exd4 Bb4 11. a3 Ba5 12. b4 Bb6 13. Bb5 O-O 14. Be3 Rc8 15.
Qd2 Ng4 16. h3 1-0

[Event "AUTO-OPEN-1867"]
[Site "http://www.queenalice.com/game.php?id=726088"]
[Date "2010.2.5"]
[Round "1"]
[White "Malavida"]
[Black "DNWheeler"]
[Result "0-1"]
[WhiteElo "2005"]
[BlackElo "1919"]

1. d4 Nf6 2. c4 c5 3. d5 e6 4. Nc3 exd5 5. cxd5 d6 6. e4 g6 7. g3 Bg7 8. Bg2 a6
9. a4 Nbd7 10. Bg5 Qc7 11. Nf3 Ng4 12. h3 Nge5 13. O-O O-O 14. Nxe5 Bxe5 15. f4
Bg7 0-1

[Event "AUTO-OPEN-1867"]
[Site "http://www.queenalice.com/game.php?id=726115"]
[Date "2010.2.5"]
[Round "1"]
[White "Defensa2014"]
[Black "Malavida"]
[Result "0-1"]
[WhiteElo "1533"]
[BlackElo "1974"]

1. d4 e6 2. c4 d5 3. Nc3 c5 4. cxd5 exd5 5. Nf3 Nc6 6. g3 Nf6 7. Bg2 Be7 8. O-O
O-O 9. Bg5 c4 10. b3 Be6 11. Ne5 Qa5 12. Nxc6 bxc6 0-1

[Event "AUTO-OPEN-1867"]
[Site "http://www.queenalice.com/game.php?id=726116"]
[Date "2010.2.5"]
[Round "1"]
[White "Malavida"]
[Black "Defensa2014"]
[Result "1-0"]
[WhiteElo "1976"]
[BlackElo "1531"]

1. d4 Nf6 2. c4 e6 3. g3 d5 4. Bg2 Be7 5. Nf3 O-O 6. cxd5 exd5 7. Nc3 c6 8. O-O
Bf5 9. Nh4 Bg4 10. Qb3 Qb6 11. Qxb6 axb6 12. f3 1-0

[Event "AUTO-OPEN-1867"]
[Site "http://www.queenalice.com/game.php?id=726133"]
[Date "2010.2.5"]
[Round "1"]
[White "HILITO"]
[Black "Malavida"]
[Result "1-0"]
[WhiteElo "2004"]
[BlackElo "2005"]

1. e4 e6 2. d4 d5 3. Nd2 f5 4. e5 c5 5. c3 Nc6 6. Bb5 Qb6 7. Bxc6+ bxc6 8. Ne2
Ba6 9. O-O cxd4 10. cxd4 Bxe2 11. Qxe2 Qxd4 12. Nb3 Qb6 13. Be3 c5 14. Rac1 d4
15. Bf4 g6 16. Qc4 Rc8 17. Nxd4 Kf7 18. Rfe1 Ne7 19. Nf3 h6 20. b3 Nd5 21. Bg3
g5 22. Nd4 1-0

[Event "AUTO-OPEN-1867"]
[Site "http://www.queenalice.com/game.php?id=726134"]
[Date "2010.2.5"]
[Round "1"]
[White "Malavida"]
[Black "HILITO"]
[Result "0-1"]
[WhiteElo "1989"]
[BlackElo "2020"]

1. d4 c6 2. c4 d5 3. Nc3 Nf6 4. Nf3 Bf5 5. Bg5 Nbd7 6. e3 h6 7. Bh4 g5 8. Bg3
Bg7 9. cxd5 cxd5 10. Rc1 a6 11. Na4 b5 12. Nc5 O-O 13. Bd3 Bxd3 14. Qxd3 Rc8 15.
O-O Qb6 16. Nb3 Ne4 17. Nbd2 f5 18. Rxc8 Rxc8 19. Nb3 a5 20. Rc1 Rxc1+ 0-1

[Event "Challenge"]
[Site "http://www.queenalice.com/game.php?id=731796"]
[Date "2010.2.14"]
[Round "-"]
[White "Malavida"]
[Black "patoche"]
[Result "0-1"]
[WhiteElo "2035"]
[BlackElo "2366"]

1. d4 Nf6 2. c4 Nc6 3. g3 e5 4. dxe5 Nxe5 5. Qc2 d5 6. c5 c6 7. Bg2 Qa5+ 8. Bd2
Qxc5 9. Qxc5 Bxc5 10. Nf3 Nc4 11. O-O Nxb2 0-1

[Event "Challenge"]
[Site "http://www.queenalice.com/game.php?id=731801"]
[Date "2010.2.14"]
[Round "-"]
[White "patoche"]
[Black "Malavida"]
[Result "1-0"]
[WhiteElo "2368"]
[BlackElo "2032"]

1. e4 e6 2. d4 d5 3. Nc3 Bb4 4. e5 c5 5. a3 Bxc3+ 6. bxc3 Ne7 7. Qg4 Qc7 8. Qxg7
Rg8 9. Qxh7 cxd4 10. Ne2 Nbc6 11. Rb1 dxc3 12. f4 1-0